000 00603nam a22002177a 4500
003 UA-OsUOA
001 73471
007 ta
008 20110301b un ||||| |||| 00| 0 ukr d
100 _aКирилюк Г.
090 _a82
_bК43
942 _cSA
040 _aUA-OsUOA
_bukr
_cUA-OsUOA
_dUA-OsUOA
245 _aЛеся Українка і читач. До 140-річчя від дня народження мисткині
300 _aС.12
955 _a0
041 _aukr
080 _a82
773 0 _w73469
650 7 _a82 Література. Літературознавство
_2UDC
999 _c359773
_d359773